000 01795nam0a22003611 4500
001 rc\3271666
005 20130115144218.0
021 _aRU
_b[71-14977]
035 _a(NLR Aleph) 007488168
090 _a7588764
_c7588764
100 _a20130115d1970 |||y0rusy50 ca
101 0 _arus
102 _aRU
105 _ay z |||||
200 1 _aЗадачи по советскому гражданскому и семейному праву
_eУчеб. пособие для студентов юрид. учеб. заведений
_f[Отв. ред. д-р юрид. наук Г.М. Степаненко]
_gСарат. юрид. ин-т им. Д.И. Курского
205 _a2-е изд., перераб. и доп.
210 _aСаратов
_cБ. и.
_d1970
215 _a238 с.
_d21
300 _a1-е изд. вышло под загл.: Задачи по советскому гражданскому праву
300 _aНа обороте тит. л. сост.: Н.А. Баринов, В.В. Васькин, С.А. Золкин и др.
451 0 _12001#$aЗадачи по советскому гражданскому праву
_1205##$a1-е изд.
606 _aГражданское право, советское
_jЗадачи
_2psbo
606 _aСемейное право, советское
_jЗадачи
_2psbo
702 1 _aБаринов
_bН. А.
_4220
702 1 _aВаськин
_bВ. В.
_4220
702 1 _aЗолкин
_bС. А.
_4220
702 1 _aСтепаненко
_bГ. М.
_gГеоргий Митрофанович
_4340
712 0 2 _aСаратовский юридический институт
_3RU\NLR\AUTH\889935794
801 0 _aRU
_bNLR
_gpsbo
801 1 _aRU
_bELAR
_2rusmarc
852 _aNLR
_j71-5/1069
942 _cBOOK
980 _aNB